Pla d'actuació del mandat 2000 - 2003 : "document d'avaluació "document d'avaluació
Descripción Física:
185 p. ; 30 cm
MARC
| LEADER | 00000nam a2200000Ia 4500 | ||
|---|---|---|---|
| 001 | 19700 | ||
| 008 | 160829s9999 xx 000 0 cat d | ||
| 080 | |a M-5-477 | ||
| 110 | 1 | |a Barcelona (Catalunya : Província). |b Diputació |9 52408 | |
| 245 | |a Pla d'actuació del mandat 2000 - 2003 : |b "document d'avaluació | ||
| 260 | |a [Barcelona] : |b Diputació de Barcelona, [2000?] | ||
| 300 | |a 185 p. ; |c 30 cm | ||
| 610 | 1 | 0 | |a Barcelona (Catalunya : Província). |b Diputació |v Planificació |9 52706 |
| 901 | |a Arxiu | ||
| 942 | |n 1 | ||
| 952 | |0 0 |1 0 |4 0 |6 M5477 |7 1 |9 51142 |a Arxiu |b Arxiu |d 2016-12-01 |l 0 |o M-5-477 |p 19700 |r 2016-12-01 00:00:00 |w 2016-12-01 |y ARXIU | ||
| 999 | |c 54985 |d 54985 | ||